Aplikácia modelov sieťovej analýzy vo vybranom podniku diplomová práca

Salvato in:
Dettagli Bibliografici
Autore principale: Maťašová, Zuzana
Ente Autore: Podnikovohospodárska fakulta EU so sídlom v Košiciach. Katedra kvantitatívnych metód
Altri autori: Hudák, Matej, 1984-
Natura: Libro
Lingua:slovacco
Pubblicazione: Košice 2025
Tags: Aggiungi Tag
Nessun Tag, puoi essere il primo ad aggiungerne!!

MARC

LEADER 00000nbm a2200000 4500
001 0312224
005 20260211085509.0
041 0 |a slo 
044 |a SK 
245 1 0 |a Aplikácia modelov sieťovej analýzy vo vybranom podniku  |b diplomová práca  |c Zuzana Maťašová ; školiteľ: Matej Hudák 
264 1 |a Košice  |c 2025 
300 |a 64 s. 
100 1 |a Maťašová, Zuzana 
700 1 |a Hudák, Matej, 1984- 
710 2 |a Podnikovohospodárska fakulta EU so sídlom v Košiciach. Katedra kvantitatívnych metód